Open Data Biblioteca Nacional de Portugal


República Portuguesa: Ministério da Cultura
Biblioteca Nacional de Portugal

Catálogo da BNP: acesso por Identificadores Unívocos
Registos Bibliográficos associados ao registo de autoridade

Etiqueta de registo: 00000nam 2200025 450
001 2283768
003 http://id.bnportugal.gov.pt/bib/catbnp/2283768
100 ## $a20260407d2025 k y0pory01030103ba
101 0# $aeng$dpor
102 ## $aPT
105 ## $aa m 000yy
106 ## $ar
200 1# $aBiological upcycling of mixed pet waste into high value products$fAna Teresa Mataloto Rebocho$gorient. Cristiana Andreia Vieira Torres, Maria Filomena Andrade de Freitas
210 #9 $aLisboa$c[s.n.],$d2025
215 ## $a194, [6] p.$cil.$d30 cm
328 #1 $aTese dout. Chemical and Biological Engineering, Nova School of Science & Technology, Universidade Nova de Lisboa, 2025
700 #1 $aRebocho,$bAna Teresa Mataloto$31994834
702 #1 $92$aVieira,$bCristiana$4727$31412815
702 #1 $aFreitas,$bMaria Filomena$4727$31267070
801 #0 $aPT$bBN$gRPC
966 ## $lBN$mFGMON$x1
971 ## $corlando$d20260407

OpendataBNP@bnportugal.pt | Mais informação sobre acesso aos dados BNP